<?xml version="1.0" encoding="UTF-8"?>
<collection xmlns="http://www.loc.gov/MARC21/slim">
  <record>
    <leader>00000nam  2200000   4500</leader>
    <controlfield tag="001">INLIS000000000053548</controlfield>
    <controlfield tag="005">20181019040829</controlfield>
    <datafield tag="035" ind1="#" ind2="#">
      <subfield code="a">0010-1018000163</subfield>
    </datafield>
    <datafield tag="245" ind1="1" ind2="#">
      <subfield code="a">Komplet Akuntansi untuk UKM dan Waralaba /</subfield>
      <subfield code="c">Akifa P.Nayla, S.E.,Akt.</subfield>
    </datafield>
    <datafield tag="100" ind1=" " ind2="#">
      <subfield code="a">Akifa P.Nayla</subfield>
    </datafield>
    <datafield tag="250" ind1="#" ind2="#">
      <subfield code="a">Ed. 1</subfield>
    </datafield>
    <datafield tag="300" ind1="#" ind2="#">
      <subfield code="a">260 hlm. :</subfield>
      <subfield code="b">Ilus ;</subfield>
      <subfield code="c">14x21 cm</subfield>
    </datafield>
    <datafield tag="260" ind1="#" ind2="#">
      <subfield code="a">Yogyakarta :</subfield>
      <subfield code="b">Laksana,</subfield>
      <subfield code="c">2014</subfield>
    </datafield>
    <datafield tag="082" ind1="#" ind2="#">
      <subfield code="a">657.9</subfield>
    </datafield>
    <datafield tag="084" ind1="#" ind2="#">
      <subfield code="a">657.9 AKI k</subfield>
    </datafield>
    <datafield tag="020" ind1="#" ind2="#">
      <subfield code="a">978-602-255-451-6</subfield>
    </datafield>
    <datafield tag="650" ind1="#" ind2="#">
      <subfield code="a">Akuntansi Wirausaha</subfield>
    </datafield>
  </record>
</collection>
